Responses for Show #2288 - Wednesday, July 13, 1994

1994 Seniors Tournament quarterfinal game 3.

Contestants

[<< previous game]

Madeline Wilhoft, a retired printer from Uniondale, New York

Carol Terry, a bookkeeper from Charlottesville, Virginia

Jim Brachman, a retired attorney from Boca Raton, Florida

[next game >>]

Jeopardy! Round responses

BLACK AMERICA
THE MOVIES
FRUITS
MONTHS
ART
PREGNANCY & CHILD CARE
    $100 14
(Alice) Walker

Jim
    $100 19
Casablanca

Jim
    $100 6
apples

Carol
    $100 1
February

Jim
    $100 11
David

Jim
    $100 26
anesthetics

Carol
    $200 15
Harlem

Jim
    $200 20
Robert De Niro

Triple Stumper
    $200 7
watermelon

Jim
    $200 2
May

Carol
    $200 12
(Salvador) Dalí

Jim
    $200 27
the umbilical cord

Jim
    $300 16
Tuskegee (Alabama)

Jim
    $300 21
Back to the Future

Jim
    $300 8
grapes

Jim
    $300 3
January

Jim
    $300 13
(Edgar) Degas

Madeline
    $300 28
to move

Carol
    $400 17
Dred Scott

Jim
    $400 22
A Passage to India

Madeline
    $400 9
a Valencia

Carol
    $400 4
June

Jim
    $400 24
Gauguin

Madeline
    $400 29
the Rh factor

Madeline
    $500 18
Haiti

Jim
    $500 23
One-Eyed Jacks

Madeline
    $500 10
the fig

Carol
    $500 5
(Jim: What is May?)

July

Jim
    $500 25
van Gogh

Madeline
    $500 30
the (top of the) head

Jim

Scores at the first commercial break (after clue 15):

Jim Carol Madeline
$1,400 $1,200 $300

Scores at the end of the Jeopardy! Round:

Jim Carol Madeline
$3,700 $1,600 $2,500

Double Jeopardy! Round responses

WORLD CAPITALS
MUSIC APPRECIATION
ETIQUETTE
AMERICAN HISTORY
PLAY CHARACTERS
ORGANIZED LABOR
    $200 6
Moscow

Carol
    $200 1
a player piano

Jim
    $200 11
a doggy bag

Carol
    $200 16
the Seminole tribe

Jim
    $200 26
(Madeline: Who is Higgins?)

Eliza Doolittle

CarolMadeline
    $200 21
Clinton

Jim
    $400 7
Oslo

Jim
    $400 2
the morning

Madeline
    $400 12
a skycap

Jim
    $400 17
the Articles of Confederation

Jim
    $400 27
(Clarence) Darrow

Jim
    $400 22
(César) Chávez

Jim
    $600 8
Ottawa

Jim
    $600 3
Marie Antoinette

Carol
    $600 13
meat (main course, entree)

Madeline
    $600 18
(Stephen) Douglas

Jim
    $600 28
Blanche DuBois

Madeline
    $600 23
the Taft-Hartley Act

Carol
    $800 9
(Jim: What is Auckland?)
(Madeline: Uh, what is Christchurch?)

Wellington

JimCarolMadeline
    $800 4
[NOTE: K. is read as, "Köchel".]

Mozart

Madeline
    $800 14
jade

Jim
    $800 19
Henry Clay

Jim
    $800 29
Rosensweig

Jim
    $800 24
the AFL (American Federation of Labor)

Jim
    $1,000 10
(Carol: What is Rabat?)

Amman

Carol
    $1000 5
(Gian Carlo) Menotti

Jim
    $1000 15
a cardinal

Carol
    $1,500 20
(Jim: Who is Taft?)

President McKinley

Jim
    $1000 30
Elwood P. Dowd

Carol
    $1000 25
the UAW (United Auto Workers)

Jim

Scores at the end of the Double Jeopardy! Round:

Jim Carol Madeline
$10,400 $5,200 $3,900
(lock-tie game)

Final Jeopardy! Round responses

SENATORS
(Alex: His father, Joe Kennedy, was Ambassador to the Court of St. James's at the time.)
MadelineWho is Ted Kennedy?
$900
CarolWho is Edward Kennedy
$4,000
JimWho is Ted Kennedy
$0
(Edward) Ted Kennedy

Final scores:

Jim Carol Madeline
$10,400 $9,200 $4,800
Automatic semifinalist 2nd place: $1,000 if eliminated 3rd place: $1,000 if eliminated

Game dynamics:

Coryat scores:

Jim Carol Madeline
$12,400 $6,200 $3,900
32 R,
3 W
(including 2 DDs)
14 R,
1 W
(including 1 DD)
10 R,
2 W

Combined Coryat: $22,500

[game] [game scores] [suggest correction]

Game tape date: 1994-03-07
The J! Archive is created by fans, for fans. Scraping, republication, monetization, and malicious use prohibited; this site may use cookies and collect identifying information. See terms. The Jeopardy! game show and all elements thereof, including but not limited to copyright and trademark thereto, are the property of Jeopardy Productions, Inc. and are protected under law. This website is not affiliated with, sponsored by, or operated by Jeopardy Productions, Inc. Join the discussion at JBoard.tv.